000 02498nam0a2200445 4500
001 RU\NLR\bibl\292512
005 20250620142812.0
010 _a5-89035-037-4
_91000
021 _aRU
_b2002-14559
_9731
035 _a(NLR Aleph) 000287869
090 _a1685231
_c1685231
100 _a20020723d2000 |||y0rusy50 ca
101 0 _arus
102 _aRU
105 _aa |||||||||
200 1 _aНелинейные характеристики электрических устройств
_eМетоды расчета
_e[Учеб. пособие для вузов]
_fЕ. А. Волков
210 _aМ.
_cИзд-во УМК МПС России
_d2000
215 _a237,[1] с.
_cил.
_d21
313 _aприемно-передающие тракты
320 _aБиблиогр.: с. 235-236
606 0 _aРадиоприемники
_jРуководства, пособия и т.п. для высшей школы
_xНелинейные процессы
_91317009
_3RU\NLR\auth\66546757
606 0 _aРадиоприемники
_jУчебные издания для высшей школы
_xНелинейные процессы
_91317009
_3RU\NLR\auth\66546757
606 0 _aРадиотехнические цепи нелинейные
_jРуководства, пособия и т.п. для высшей школы
_xРасчет
_92196550
_3RU\NLR\auth\661320120
606 0 _aНелинейные радиотехнические цепи
_jУчебные издания для высшей школы
_xРасчет
_92196552
_3RU\NLR\auth\661320121
606 0 _aРадиопередатчики
_jРуководства, пособия и т.п. для высшей школы
_xНелинейные процессы
_92256224
_3RU\NLR\auth\661353078
606 0 _aРадиопередатчики
_jУчебные издания для высшей школы
_xНелинейные процессы
_92256224
_3RU\NLR\auth\661353078
610 0 _aЭлектрические цепи нелинейные - Расчет
675 _a621.396.62:621.391.837.21(075.8)
_v3
_zrus
686 _a49.43
_2rugasnti
686 _a32.884я73
_2rubbk
686 _aЗ848-01я73-1
686 _aЗ849-01я73-1
700 1 _aВолков
_bЕ. А.
_gЕвгений Арсеньевич
_4070
801 0 _aRU
_bRKP
_c20020723
_gPSBO
801 1 _aRU
_bRKP
_c20020723
801 2 _aRU
_bNLR
_c20020913
_grcr
830 _aАвт. по кн.
942 _cBOOK
980 _aNB